000 00412cam a22001814a 4500
005 20250605164243.0
008 250528s ||||||||||||||||||||||||d
035 _a21411
040 _aGR-AtMCL
_bgre
_dGR-AtMCL
_eAACR2
245 1 _aEXCEL 5
250 _a1
260 _bΓκιουρδας,
_c1994
300 _a1176
700 1 _aMcfedries Paul
_94407
942 _cBK
999 _c6474
_d6474